| 000 | 00558nam a2200181Ia 4500 | ||
|---|---|---|---|
| 003 | OSt | ||
| 005 | 20240430091132.0 | ||
| 008 | 210210b1948 xxu||||| |||| 00| 0 eng d | ||
| 040 | _cAL | ||
| 041 | _aKannada | ||
| 082 | _a854/47 | ||
| 100 |
_aKRASHNAPPA (B) _dಕೃಷ್ಣಪ್ಪ ಬಿ _9159907 |
||
| 245 |
_aAbhijnana shakuntala natakada vimarshe _bಅಭಿಜ್ಞಾನ ಶಾಕುಂತಲ ನಾಟಕದ ವಿಮರ್ಶೆ |
||
| 260 |
_aMangaluru _b- _c1948 |
||
| 690 |
_aKannada Criticism _9159912 |
||
| 906 | _a019898 | ||
| 942 |
_2ddc _cBK |
||
| 999 |
_c144048 _d144048 |
||